000 01064nam a2200253 a 4500
001 80314
003 BD-RjUL
005 20220907161509.0
008 220907s2016 bg ||||| m||| 00| 0 eng d
035 _a(BD-RjUL)80314
040 _aBD-RjUL
_beng
_cBD-RjUL
_dBD-RjUL
041 _aeng
082 _223
_a305.8954924
_bSAI 2016
100 _aSaha, Usha Rani
_94675
245 0 1 _aInterrelation Among Factors Influencing Educational Performance of Students in Higher Studies of Rajshahi City /
_cUsha Rani Saha ;
_6Co-Supervisor : Provash Kumar Karmokar, Supervisor : Dilip Kumar Mondol
260 _aRajshahi :
_bInstitute of Education and Research, University of Rajshahi,
_c2016
300 _axiii, 193 Leaves ;
_c29 cm.
502 _aThesis (Ph. D.) -- Institute of Education and Research, University of Rajshahi, 2016
504 _aReferences : Leaves [174]-187
650 _aInterrelation
_vEducational
_zRajshahi City
_94676
700 _aKarmokar, Provash Kumar, Co-Supervisor
_94677
700 _aMondol, Dilip Kumar, Supervisor
_94678
942 _2ddc
_cTHE
999 _c80314
_d80314